Sports Quiz

Random Sports or Minefield Quiz

5x5 in 90: Formula One Minefield Blitz Quiz Stats

 Plays Quiz Updated Dec 14, 2019

Support Sporcle.
Go Orange.
Score 0/25 Timer 01:30
34 Plays Today
% Correct
???
57.4%
???
56.5%
???
56.1%
???
55.6%
???
55.5%
???
55.1%
???
54.9%
???
54.8%
???
54.4%
???
54.2%
???
54.2%
???
54%
???
53.9%
% Correct
???
53%
???
52.9%
???
52.3%
???
52.3%
???
52.3%
???
51.9%
???
50.8%
???
50.4%
???
50.2%
???
49.3%
???
49.1%
???
41.9%

You're not logged in!

Compare scores with friends on all Sporcle quizzes.
OR
Log In

From the Vault

Sporcle Crossword

by rockgolf

You better be careful if you cross these words!
Remove Ads.
Support Sporcle.
Get the best of Sporcle when you Go Orange. This ad-free experience offers more features, more stats, and more fun while also helping to support Sporcle. Thank you for becoming a member.

Show Comments

Extras

Top Quizzes Today


Score Distribution

Your Account Isn't Verified!

In order to create a playlist on Sporcle, you need to verify the email address you used during registration. Go to your Sporcle Settings to finish the process.

Report this User

Report this user for behavior that violates our Community Guidelines.

Details: